LDR 00903naa#a2200169#i#450# 001 RU\\bibl\122930 005 20260704082150.6 011 ## _a2686-9896 100 ## _a20260515b2026####ek#y0rusy0150####ca 102 ## _aRU 200 1# _aСПОСОБЫ УСИЛЕНИЯ КОНСТРУКТИВНЫХ СИСТЕМ С БЕЗРИГЕЛЬНЫМ КАРКАСОМ _eЖурнальная статья 210 1# _aАнгарск _cФГБОУ ВО "Ангарский государственный технический университет" _d2026 215 ## _a1 с. 608 ## _aЖурнальная статья _2local 675 ## _aМероприятия по защите зданий, сооружений и конструкций. Изоляционные работы. Противоаварийные мероприятия. 699.8 _z 700 #1 _aЩербин _gСергей Анатольевич 856 4# _aangtu.editorum.ru _u